<?xml version="1.0" encoding="UTF-8"?>
<marc:record xmlns:marc="http://www.loc.gov/MARC21/slim">
   <marc:leader>00000nam a2200000 a 4500</marc:leader>
   <marc:datafield ind1="1" ind2=" " tag="100">
      <marc:subfield code="a">Meyer-Dietrich, Inge</marc:subfield>
      <marc:subfield code="4">aut</marc:subfield>
      <marc:subfield code="e">Verfasser/-in</marc:subfield>
   </marc:datafield>
   <marc:datafield ind1="1" ind2=" " tag="100">
      <marc:subfield code="a">Kunert, Almud</marc:subfield>
   </marc:datafield>
   <marc:datafield ind1=" " ind2=" " tag="653">
      <marc:subfield code="a">Drache</marc:subfield>
   </marc:datafield>
   <marc:datafield ind1=" " ind2=" " tag="653">
      <marc:subfield code="a">Erstleser</marc:subfield>
   </marc:datafield>
   <marc:datafield ind1=" " ind2=" " tag="653">
      <marc:subfield code="a">Silbenmethode</marc:subfield>
   </marc:datafield>
   <marc:datafield ind1="0" ind2="0" tag="245">
      <marc:subfield code="a">Der kleine Drache und der Monsterhund</marc:subfield>
   </marc:datafield>
   <marc:datafield ind1="0" ind2="0" tag="245">
      <marc:subfield code="c">Meyer-Dietrich, Inge</marc:subfield>
   </marc:datafield>
   <marc:datafield ind1=" " ind2="1" tag="264">
      <marc:subfield code="c">2007</marc:subfield>
   </marc:datafield>
   <marc:datafield ind1="1" ind2=" " tag="520">
      <marc:subfield code="a">In Zusammenarbeit mit dem Ravensburger Buchverlag wurden 10 Titel aus der erfolgreichen Leseraben-Serie mit dem farbigen Silbentrenner ausgestattet. Damit wurden erstmals Lesebücher aus der aktuellen Kinderliteratur nach der Silbenmethode mit Silbentrenner® lesedidaktisch aufgearbeitet.&#xD;
Band 1 bis 5 zählen zur 1. Lesestufe und enthalten ein geringeres Textangebot für Lese-Einsteiger. In Band 6 bis 10 sind die Texte umfangreicher und deshalb in der 2. Lesestufe für fortgeschrittene Leser.&#xD;
Zur Geschichte: Endlich! Das Drachenmädchen Fuega kommt in die Schule! Dort lernt sie Drachenschrift und Feuer spucken. Wenn es nur nicht diesen Monsterhund auf ihrem Schulweg gäbe Doch dann hat Fuega eine prima Idee! Inge Meyer-Dietrich, geb. 1944 und aufgewachsen in Bochum, hat Germanistik, Soziologie und Kulturwissenschaften studiert. Nach ihrem Studium und der Arbeit in verschiedenen Berufen ist sie seit 1986 freie Autorin und hat zahlreiche Kinder- und Jugendbücher geschrieben, die vielfach ausgezeichnet wurden.&#xD;
Ihre drei Kinder sind erwachsen, sie lebt mit ihrem Mann im Ruhrgebiet. Almud Kunert, geboren 1964 in Bayreuth, studierte Malerei und Grafik an der Akademie der Bildenden Künste in München. Seither arbeitet sie als freischaffende Künstlerin und Illustratorin für verschiedene Verlage und die Werbebranche. Almud Kunert lebt in München.</marc:subfield>
   </marc:datafield>
   <marc:datafield ind1=" " ind2=" " tag="020">
      <marc:subfield code="a">9783619143481</marc:subfield>
      <marc:subfield code="9">9783619143481</marc:subfield>
   </marc:datafield>
   <marc:datafield ind1=" " ind2=" " tag="020">
      <marc:subfield code="a">361914348x</marc:subfield>
      <marc:subfield code="9">361914348x</marc:subfield>
   </marc:datafield>
   <marc:datafield ind1=" " ind2=" " tag="041">
      <marc:subfield code="a">ger</marc:subfield>
   </marc:datafield>
   <marc:datafield ind1=" " ind2=" " tag="338">
      <marc:subfield code="a">Band</marc:subfield>
   </marc:datafield>
   <marc:datafield ind1=" " ind2=" " tag="300">
      <marc:subfield code="a">42 S.</marc:subfield>
   </marc:datafield>
</marc:record>
